Language Quiz

Random Language or Food Quiz

More Food Expressions Quiz Stats

Quiz Updated Sep 25, 2015

Also try: Food Expressions
Challenge
Share
Tweet
Embed
Score 0/22 Timer 04:00
4 Plays Today
Expression Food % Correct
Rub _____ in the woundsalt
98.6%
Know on which side your _____ is butteredbread
90.4%
Have your _____ and eat it toocake
89.9%
Forbidden _____fruit
88.7%
Wake up and smell the _____coffee
83.9%
A hard _____ to cracknut
82.1%
Sell like _____hotcakes
81.6%
In a _____pickle or jam
79.5%
_____ on your faceegg
78.8%
On the _____ traingravy
73.6%
As slow as _____molasses
73.1%
Expression Food % Correct
_____coatsugar
69.7%
My _____ is cookedgoose
68.8%
Working for _____peanuts
68.7%
Upset the _____ cartapple
68.6%
Not worth a hill of _____beans
64.7%
Have one's finger in too many _____pies
64.3%
Small _____potatoes
62.7%
Life is just a bowl of _____cherries
61.3%
Make _____ out of someonemincemeat
53.3%
Cut the _____mustard
51.8%
Top _____banana
49.1%

You're not logged in!

Compare scores with friends on all Sporcle quizzes.
Sign Up with Email
OR
Log In

You Might Also Like...

Show Comments

Extras

Top Quizzes Today


Score Distribution

Your Account Isn't Verified!

In order to create a playlist on Sporcle, you need to verify the email address you used during registration. Go to your Sporcle Settings to finish the process.